<?xml version="1.0" encoding="UTF-8"?>
<record
    xmlns:xsi="http://www.w3.org/2001/XMLSchema-instance"
    xsi:schemaLocation="http://www.loc.gov/MARC21/slim http://www.loc.gov/standards/marcxml/schema/MARC21slim.xsd"
    xmlns="http://www.loc.gov/MARC21/slim">

  <leader>01271nam a2200229Ia 4500</leader>
  <datafield tag="952" ind1=" " ind2=" ">
    <subfield code="0">0</subfield>
    <subfield code="1">0</subfield>
    <subfield code="2">lcc</subfield>
    <subfield code="4">0</subfield>
    <subfield code="7">0</subfield>
    <subfield code="a">01</subfield>
    <subfield code="b">01</subfield>
    <subfield code="d">2022-09-22</subfield>
    <subfield code="l">0</subfield>
    <subfield code="o">BC108 B3618</subfield>
    <subfield code="p">16 001898</subfield>
    <subfield code="r">2023-07-12</subfield>
    <subfield code="t">1</subfield>
    <subfield code="w">2022-09-22</subfield>
    <subfield code="y">LB</subfield>
  </datafield>
  <datafield tag="999" ind1=" " ind2=" ">
    <subfield code="c">69097</subfield>
    <subfield code="d">69097</subfield>
  </datafield>
  <controlfield tag="008">120626s1991    mx a          000 0 spa d</controlfield>
  <datafield tag="020" ind1=" " ind2=" ">
    <subfield code="a">9684228465</subfield>
  </datafield>
  <datafield tag="050" ind1=" " ind2=" ">
    <subfield code="a">BC108</subfield>
    <subfield code="b">B3618</subfield>
  </datafield>
  <datafield tag="100" ind1=" " ind2=" ">
    <subfield code="a">Barker, Stepehen F.</subfield>
    <subfield code="e">autor </subfield>
  </datafield>
  <datafield tag="240" ind1=" " ind2=" ">
    <subfield code="a">The elements of logic </subfield>
    <subfield code="l">Espa&#xF1;ol </subfield>
  </datafield>
  <datafield tag="245" ind1=" " ind2=" ">
    <subfield code="a">Elementos de l&#xF3;gica</subfield>
    <subfield code="c">/ Stepehen F., Barker; traductor; Rosa Mar&#xED;a, Rosas S&#xE1;nchez; revisi&#xF3;n t&#xE9;cnica: Sara Luz, Alvarado Rosales </subfield>
  </datafield>
  <datafield tag="250" ind1=" " ind2=" ">
    <subfield code="a">5a. edici&#xF3;n </subfield>
  </datafield>
  <datafield tag="260" ind1=" " ind2=" ">
    <subfield code="a">M&#xE9;xico</subfield>
    <subfield code="b">; Mc Graw-Hill </subfield>
    <subfield code="c">, 1991</subfield>
  </datafield>
  <datafield tag="300" ind1=" " ind2=" ">
    <subfield code="a">306 p&#xE1;ginas </subfield>
    <subfield code="b">: ilustraciones </subfield>
  </datafield>
  <datafield tag="500" ind1=" " ind2=" ">
    <subfield code="a">T&#xED;tulo original: The elements of logic </subfield>
  </datafield>
  <datafield tag="500" ind1=" " ind2=" ">
    <subfield code="a">Incluye: Contenido, Prefacio (pp. xi- xii), Nota (p. x), Glosario de t&#xE9;rminos (pp. 277 - 287), Glosario de s&#xED;mbolos ( pp. 288 - 289), Notas (pp. 290 - 306), &#xCD;ndice anal&#xED;tico (pp. 307 - 313)</subfield>
  </datafield>
  <datafield tag="505" ind1=" " ind2=" ">
    <subfield code="a">I. Introducci&#xF3;n  
II. La l&#xF3;gica de las preposiciones categ&#xF3;ricas  
III. La l&#xF3;gica de funciones de verdad  
IV. Cuantificaci&#xF3;n mon&#xE1;dica  
V. Cuantificaci&#xF3;n integral  
VI. Falacias  
VII. Razonamientos inductivo  
VIII. Aplicaci&#xF3;n de los principios l&#xF3;gicos  
IX. Cuestiones filos&#xF3;ficas  </subfield>
  </datafield>
  <datafield tag="519" ind1=" " ind2=" ">
    <subfield code="a">Material Complementario / </subfield>
    <subfield code="d">16 001898</subfield>
  </datafield>
  <datafield tag="650" ind1=" " ind2="0">
    <subfield code="a">L&#xD3;GICA</subfield>
  </datafield>
  <datafield tag="700" ind1=" " ind2=" ">
    <subfield code="a">Rosas S&#xE1;nchez, Rosa Mar&#xED;a</subfield>
    <subfield code="e">traductora</subfield>
  </datafield>
  <datafield tag="942" ind1=" " ind2=" ">
    <subfield code="c">LB</subfield>
    <subfield code="2">lcc</subfield>
  </datafield>
</record>
